Griegos en América / (Record no. 15653)

MARC details
000 -LEADER
campo de control de longitud fija 01979nam a2200421 i 4500
001 - NÚMERO DE CONTROL
campo de control 15653
003 - IDENTIFICADOR DE NÚMERO DE CONTROL
campo de control ES-MaACL
005 - FECHA Y HORA DE LA ÚLTIMA TRANSACCIÓN
campo de control 20250803063030.0
007 - CAMPO FIJO DE DESCRIPCIÓN FÍSICA--INFORMACIÓN GENERAL
campo de control de longitud fija t|
008 - DATOS DE LONGITUD FIJA--INFORMACIÓN GENERAL
campo de control de longitud fija 000504s1992 sp ||||1| spa d
017 ## - NÚMERO DE COPYRIGHT O DE DEPÓSITO LEGAL
Número de copyright o de depósito legal M 27559-1992
Agencia que asigna Oficina Depósito Legal Madrid
020 ## - NÚMERO INTERNACIONAL ESTÁNDAR DEL LIBRO
Número Internacional Estándar del Libro 84-7100-554-9
040 ## - FUENTE DE CATALOGACIÓN
Centro catalogador/agencia de origen ZA-BP
080 ## - NÚMERO DE LA CLASIFICACIÓN DECIMAL UNIVERSAL
Número de la Clasificación Decimal Universal 9(=1.495:7/8)(091)
080 ## - NÚMERO DE LA CLASIFICACIÓN DECIMAL UNIVERSAL
Número de la Clasificación Decimal Universal 325(=1.495:7/8)(091)
100 1# - ENTRADA PRINCIPAL--NOMBRE DE PERSONA
Nombre de persona Kitroeff, Alexander,
Fechas asociadas al nombre 1955-
Término indicativo de función/relación Autor
9 (RLIN) 68163
245 10 - MENCIÓN DEL TÍTULO
Título Griegos en América /
Mención de responsabilidad, etc. Alexander Kitroeff ; traducción, Isabel M. Romero
260 ## - PUBLICACIÓN, DISTRIBUCIÓN, ETC.
Lugar de publicación, distribución, etc. Madrid :
Nombre del editor, distribuidor, etc. MAPFRE,
Fecha de publicación, distribución, etc. [1992]
300 ## - DESCRIPCIÓN FÍSICA
Extensión 296 páginas :
Otras características físicas tablas ;
Dimensiones 23 cm
490 1# - MENCIÓN DE SERIE
Mención de serie Colección América, crisol de pueblos
Designación de volumen o secuencia 4
RLIN 179309
490 1# - MENCIÓN DE SERIE
Mención de serie Colecciones MAPFRE 1492
RLIN 241455
500 ## - NOTA GENERAL
Nota general Índices
500 ## - NOTA GENERAL
Nota general Cronología
504 ## - NOTA DE BIBLIOGRAFÍA, ETC.
Nota de bibliografía, etc. Bibliografía: páginas [275]-284
505 0# - NOTA DE CONTENIDO CON FORMATO
Nota de contenido con formato La Diáspora en la historia de Grecia; Emigración transatlántica, 1492-1890; Emigración masiva a América, 1890-1930; Emigración transatlántica desde 1924 hasta nuestros días; Distribución geográfica y actividades profesionales; La presencia griega vista por los americanos; Identidad griega en América; Contribución griega en América; Instituciones étnicas griegas; La iglesia ortodoxa griega en América; Grecia y los griegos de América; Los griegos de América y Grecia
530 ## - NOTA DISPONIBLE DE FORMULARIO FÍSICO ADICIONAL
Nota de formato físico adicional disponible Disponible en formato digital
650 #4 - PUNTO DE ACCESO ADICIONAL DE MATERIA--TÉRMINO DE MATERIA
Término de materia o nombre geográfico como elemento de entrada Griegos-
Subdivisión geográfica América
9 (RLIN) 13162
700 1# - ENTRADA AGREGADA--NOMBRE PERSONAL
Nombre de persona Romero, Isabel M.
Término indicativo de función/relación Traductor
9 (RLIN) 99329
710 2# - ENTRADA AGREGADA--NOMBRE DE ENTIDAD CORPORATIVA
Nombre de entidad corporativa o nombre de jurisdicción como elemento de entrada Fundación MAPFRE América
Término indicativo de función/relación entidad responsable
9 (RLIN) 4363
710 2# - ENTRADA AGREGADA--NOMBRE DE ENTIDAD CORPORATIVA
Nombre de entidad corporativa o nombre de jurisdicción como elemento de entrada Fundación MAPFRE
Término indicativo de función/relación Editor
9 (RLIN) 4362
830 #0 - PUNTO DE ACCESO ADICIONAL DE SERIE-TÍTULO UNIFORME
Título uniforme Colección América, crisol de pueblos
Designación de volumen o secuencia 4
9 (RLIN) 179309
830 #0 - PUNTO DE ACCESO ADICIONAL DE SERIE-TÍTULO UNIFORME
Título uniforme Colecciones MAPFRE 1492
9 (RLIN) 241455
852 ## - LOCALIZACIÓN
Ubicación ES-MaACL
Sublocalización o colección R.124224
Ubicación en estantería Depósito 2
Número de control de estantería L-23022
856 ## - LOCALIZACIÓN Y ACCESO ELECTRÓNICOS
Identificador Uniforme de Recursos <a href="https://archive.org/details/kitroeff-a.-griegos-en-america-1992/mode/2up">https://archive.org/details/kitroeff-a.-griegos-en-america-1992/mode/2up</a>
Texto de enlace Versión en línea
Nota pública (Internet Archive)
942 ## - ELEMENTOS DE ENTRADA SECUNDARIOS (KOHA)
Fuente del sistema de clasificación o colocación Clasificación decimal universal
Tipo de ítem Koha Libro impreso
Suprimir en OPAC No
Holdings
Estatus retirado Estado de pérdida Fuente del sistema de clasificación o colocación Estado de daño No para préstamo Colección Biblioteca de origen Biblioteca actual Ubicación en estantería Fecha de adquisición Total de préstamos Signatura topográfica completa Código de barras Visto por última vez Tipo de ítem Koha
    Clasificación decimal universal     Colección digital Biblioteca del Ateneo de Madrid Biblioteca del Ateneo de Madrid Depósito 2 17/01/2008   L-23022 1015912 23/02/2023 Libro impreso